Complete the Card - WWE WrestleMania XXV - Statistics

General Stats
  • This quiz has been taken 892 times
  • The average score is 19 of 24
Answer Stats
Answer % Correct
John Cena
98%
Triple H
98%
Randy Orton
97%
Edge
96%
The Big Show
96%
CM Punk
92%
The Undertaker
92%
Shawn Michaels
91%
Jeff Hardy
86%
Matt Hardy
86%
Chris Jericho
85%
Rey Mysterio
85%
John Bradshaw Layfield
82%
Kane
82%
Santina Marella
79%
Shelton Benjamin
76%
Christian
67%
Kofi Kingston
66%
MVP
66%
Mark Henry
64%
Roddy Piper
64%
Ricky Steamboat
63%
Finlay
61%
Jimmy Snuka
61%
No matching quizzes found
Score Distribution
Percent of People with Each Score
Percentile by Number Answered
Your Score History
You have not taken this quiz